00322 a2200109 4500001001000000005001700010008004100027245003200068100002600100773007100126999001500197ART_1201220260410161559.0260409a 10aPropuestas del Libro Verde.1 aCasal, Armando Miguel0 tProfesional & Empresariag- Año XIII, Nº 161 (feb. 2013)wREV70 c9546d9546